[Event "Regionalliga NW9495"]
[Site "Bayern"]
[Date "1994.??.??"]
[Round "3"]
[White "Graef, Harald"]
[Black "Chlosta, Benedikt"]
[Result "1-0"]
[WhiteElo "2150"]
[BlackElo "1835"]

1.e4 c5 2.Nf3 d6 3.d4 cxd4 4.Nxd4 Nf6 5.Nc3 a6 6.Be3 e5 7.Nb3 Be7 8.f3 Be6
9.Qd2 Nbd7 10.O-O-O b5 11.g4 b4 12.Na4 d5 13.g5 Nxe4 14.fxe4 d4 15.Nxd4 exd4
16.Qxd4 Bxg5 17.Bxg5 Qxg5+ 18.Kb1 O-O 19.Rg1 Qe5 20.Qxb4 Rfc8 21.Qd4 Rab8
22.b3 g6 23.Qxe5 Nxe5 24.Bxa6 Rc6 25.Bd3 h5 26.Nb2 h4 27.Rdf1 Kg7 28.Be2 Rb4
29.Rf4 h3 30.Nd3 Nxd3 31.Bxd3 f6 32.Rxg6+ Kxg6 33.e5+ Kg5 34.Rxb4 fxe5 35.Re4 Rc5
36.Re1 Bg4 37.c4 Kf4 38.b4 Rc8 39.Re4+ Kf3 40.Rxe5 Kg2 41.Rg5 Kf3 42.Be2+ Kxe2
43.Rxg4 Kd3 44.Kb2 Rf8 45.Kb3 Rf3 46.c5 Kd2+ 47.Kc4 Rf2 48.Rh4 Rxh2 49.c6 Rh1
50.Kb5  1-0

[Event "Regionalliga NW9495"]
[Site "Bayern"]
[Date "1994.??.??"]
[Round "7"]
[White "Morper, Peter"]
[Black "Riedl, Helmut"]
[Result "1/2-1/2"]
[WhiteElo "1970"]
[BlackElo "2085"]

1.e4 c5 2.Nf3 d6 3.d4 cxd4 4.Nxd4 Nf6 5.Nc3 a6 6.Be3 e5 7.Nb3 Be6 8.Qd2 Be7
9.f3 Nbd7 10.O-O-O b5 11.g4 Nb6 12.Qf2 Nfd7 13.Nd5 Bxd5 14.exd5 Bg5 15.f4 exf4
16.Bxf4 Ne5 17.h4 Bxf4+ 18.Qxf4 Nbc4 19.Bxc4 bxc4 20.Nd4 c3 21.Nc6 Qb6 22.bxc3 O-O
23.Nxe5 dxe5 24.Qxe5 Qa5 25.Qd4 Qa3+ 26.Kd2 Rac8 27.Rhe1 Rfd8 28.Re3 Qd6
29.Rde1 h6 30.c4 Qb4+ 31.Rc3 Rd6 32.a3 Qa4 33.Re4 Rcd8 34.Kd3 Qa5 35.g5 hxg5
36.hxg5 Rxd5 37.Re8+ Rxe8 38.cxd5 Rd8 39.Ke4 Re8+ 40.Kd3 Rd8 41.Ke4 Re8+  1/2-1/2

[Event "Belgrade Trako"]
[Site "Belgrade"]
[Date "1994.??.??"]
[Round "3"]
[White "Milu, Romeo Sorin"]
[Black "Arsovic, Goran"]
[Result "1/2-1/2"]
[WhiteElo "2430"]
[BlackElo "2375"]

1.e4 c5 2.Nc3 d6 3.Nge2 Nf6 4.d4 cxd4 5.Nxd4 a6 6.Be3 e5 7.Nb3 Be6 8.Qd2 Nbd7
9.f3 b5 10.a4 b4 11.Nd5 Bxd5 12.exd5 Nb6 13.Bxb6 Qxb6 14.a5 Qb7 15.Bc4 Be7
16.Ra4 Rb8 17.Nc1 Bd8 18.b3 O-O 19.Kd1 Qa8 20.Na2 Rb5 21.Nxb4 Rxa5 22.Rxa5 Bxa5
23.c3 Bxb4 24.cxb4  1/2-1/2

[Event "Berliner Sommer"]
[Site "Berlin"]
[Date "1994.??.??"]
[Round "?"]
[White "Struk, Jerzy"]
[Black "Kruppa, Yuri"]
[Result "0-1"]
[WhiteElo "2150"]
[BlackElo "2545"]

1.e4 c5 2.Nf3 d6 3.d4 cxd4 4.Nxd4 Nf6 5.Nc3 a6 6.Be3 e6 7.f3 Nc6 8.g4 Rb8
9.Qd2 Nxd4 10.Bxd4 b5 11.e5 dxe5 12.Bxe5 Qxd2+ 13.Kxd2 Ra8 14.Bd3 Bb7 15.Rhf1 Nd7
16.Bg3 Nc5 17.Nxb5 axb5 18.Bxb5+ Ke7 19.c4 g5 20.b4 Nd7 21.c5 Bd5 22.Bd6+ Kd8
23.Bxf8 Rxf8 24.Bxd7 Kxd7 25.a4 Ra7 26.f4 Rfa8 27.fxg5 Kc6 28.Rf6 Rxa4 29.Rxa4 Rxa4
30.Kc3 Ra3+ 31.Kd4 Rb3 32.Rh6 Rxb4+ 33.Ke5 Rxg4 34.h4 Re4+ 35.Kf6 Rf4+ 36.Kg7 Be4
37.h5 Rf5 38.Kxh7 Rxg5+ 39.Kh8 Kxc5  0-1

[Event "Berliner Sommer"]
[Site "Berlin"]
[Date "1994.??.??"]
[Round "?"]
[White "Tseitlin, Mark D"]
[Black "Loginov, Valery A"]
[Result "1/2-1/2"]
[WhiteElo "2465"]
[BlackElo "2610"]

1.e4 c5 2.Nf3 d6 3.d4 cxd4 4.Nxd4 Nf6 5.Nc3 a6 6.Be3 e5 7.Nb3 Be6 8.f4 exf4
9.Bxf4 Nc6 10.Qd2 d5 11.exd5 Nxd5 12.Nxd5 Qxd5 13.Qxd5 Bxd5 14.O-O-O O-O-O
15.Be2  1/2-1/2

[Event "Berliner Sommer"]
[Site "Berlin"]
[Date "1994.??.??"]
[Round "?"]
[White "Gipslis, Aivars"]
[Black "Ginsburg, Gennadij"]
[Result "0-1"]
[WhiteElo "2485"]
[BlackElo "2430"]

1.e4 c5 2.Nf3 d6 3.d4 cxd4 4.Nxd4 Nf6 5.Nc3 a6 6.Be3 e6 7.Be2 Be7 8.f4 Qc7
9.Bf3 Nc6 10.Qe2 Na5 11.O-O-O Nc4 12.g4 Nxe3 13.Qxe3 Qc5 14.g5 Nd7 15.Qd2 Nb6
16.Nb3 Qc7 17.h4 Bd7 18.f5 Nc4 19.Qd4 Ne5 20.Be2 Rc8 21.Rdf1 b5 22.Kb1 Rb8
23.Nd1 a5 24.Ne3 a4 25.Nc1 a3 26.b3 h6 27.Nd3 Rc8 28.fxe6 fxe6 29.Bh5+ Kd8
30.g6 Bf6 31.Qb4 Nxd3 32.cxd3 Qc3 33.Qxc3 Rxc3 34.Be2 Ke7 35.Nc2 Ra8 36.h5 Be8
37.Rf3 d5 38.exd5 Rxb3+ 39.Kc1 Bg5+ 40.Ne3 Rc8+  0-1

[Event "Berliner Sommer"]
[Site "Berlin"]
[Date "1994.??.??"]
[Round "?"]
[White "Delekta, Piotr"]
[Black "Timoshenko, Georgy"]
[Result "1/2-1/2"]
[WhiteElo "2305"]
[BlackElo "2550"]

1.e4 c5 2.Nf3 d6 3.d4 cxd4 4.Nxd4 Nf6 5.Nc3 a6 6.Be3 Ng4 7.Bc4 Nxe3 8.fxe3 e6
9.O-O Be7 10.Qg4 O-O 11.Rad1 Nd7 12.Nxe6 fxe6 13.Qxe6+ Kh8 14.Nd5 Re8 15.Nxe7 Qxe7
16.Qxe7 Rxe7 17.Rxd6 Re8 18.Bf7 Rf8 19.Bd5 Re8 20.Bf7 Rf8 21.Bd5  1/2-1/2

[Event "Biel op"]
[Site "Biel"]
[Date "1994.??.??"]
[Round "2"]
[White "Vehi Bach, Victor Manuel"]
[Black "Lazarev, Vladimir"]
[Result "0-1"]
[WhiteElo "2455"]
[BlackElo "2435"]

1.e4 c5 2.Nf3 d6 3.d4 cxd4 4.Nxd4 Nf6 5.Nc3 a6 6.Be3 e6 7.Be2 Qc7 8.O-O Be7
9.f4 O-O 10.Kh1 b5 11.e5 dxe5 12.fxe5 Nfd7 13.Nf5 Nxe5 14.Bf4 Bf6 15.Bf3 Bb7
16.Bxb7 Qxb7 17.Nd6 Qe7 18.Nce4 Nbc6 19.Qh5 Rad8 20.Nxf6+ gxf6 21.Ne4 f5
22.Ng3 f6 23.Rae1 Qf7 24.Qh3 Kh8 25.Nh5 Qg6 26.Qh4 Rd4 27.c3 Ra4 28.Re3 Qf7
29.Rfe1 Ng6 30.Qf2 Nxf4 31.Nxf4 e5 32.Nd3 f4 33.Rh3 Rxa2 34.Nc5 Rd8 35.Ne4 Ne7
36.Qb6 Rf8  0-1

[Event "Biel op"]
[Site "Biel"]
[Date "1994.??.??"]
[Round "5"]
[White "Kurniawan, Bobby"]
[Black "Peptan, Corina"]
[Result "1-0"]
[WhiteElo "2295"]
[BlackElo "2255"]

1.e4 c5 2.Nf3 d6 3.d4 cxd4 4.Nxd4 Nf6 5.Nc3 a6 6.Be3 e5 7.Nb3 Be6 8.f3 Nbd7
9.g4 Be7 10.g5 Nh5 11.Qd2 b5 12.Rg1 Nb6 13.Na5 Rc8 14.a4 b4 15.Nd1 Nc4 16.Nxc4 Bxc4
17.Bxc4 Rxc4 18.b3 Rc8 19.Nb2 O-O 20.Nc4 f5 21.O-O-O fxe4 22.fxe4 Nf4 23.Bxf4 Rxf4
24.Kb1 Qf8 25.g6 hxg6 26.Rxg6 Rf2 27.Qd5+ Kh7 28.Rg3 Rxh2 29.Rdg1 Bf6 30.Qe6 Re8
31.Rh3+ Rxh3 32.Qxh3+ Kg8 33.Rh1 Qe7 34.Ne3 Qe6 35.Qh7+ Kf7 36.Nd5 Qg4 37.Rf1 Re6
38.Nxb4 Qe2 39.Rg1 Re8 40.Nd5 Rc8 41.Rxg7+ Bxg7 42.Qf5+ Kg8 43.Ne7+ Kh8 44.Qh3+  1-0

[Event "Biel op"]
[Site "Biel"]
[Date "1994.??.??"]
[Round "6"]
[White "Tischbierek, Raj"]
[Black "Alexandria, Nana"]
[Result "1/2-1/2"]
[WhiteElo "2525"]
[BlackElo "2325"]

1.e4 c5 2.Nc3 d6 3.Nge2 Nf6 4.d4 cxd4 5.Nxd4 a6 6.Be3 b6 7.f3 Bb7 8.Qd2 Nbd7
9.g4 h6 10.O-O-O Rc8 11.h4 Ne5 12.Rg1 Nc4 13.Bxc4 Rxc4 14.g5 Nh5 15.g6 e6
16.gxf7+ Kxf7 17.Qd3 Qc8 18.e5 dxe5 19.Qg6+ Kg8 20.Qxh5 exd4 21.Bxd4 Rxd4
22.Rxd4 Bc5 23.Qe5 Rh7 24.Rgd1 Bxd4 25.Rxd4 h5 26.Qg5 Kf7 27.Qf4+ Kg6 28.Ne4 Rh6
29.Ng5 Qe8 30.Rd8 Qe7 31.Rd6 Bd5 32.Qg3 Kf6 33.c4 Bxc4 34.Rd4 Bd5 35.Rf4+ Kg6
36.Kb1 Rh8 37.Nf7+ Kh7 38.Nxh8 Kxh8 39.Rd4 Kh7 40.Rd2 b5 41.Qf4 Qf6 42.Qxf6 gxf6
43.Rd3 Kg6 44.Kc2 Kf5 45.Kd2 Kf4 46.Ra3 Bb7 47.Rd3 Bd5 48.Ra3 Bb7 49.Rd3  1/2-1/2

[Event "Biel op"]
[Site "Biel"]
[Date "1994.??.??"]
[Round "8"]
[White "Tischbierek, Raj"]
[Black "Lazarev, Vladimir"]
[Result "1-0"]
[WhiteElo "2525"]
[BlackElo "2435"]

1.e4 c5 2.Nf3 d6 3.d4 cxd4 4.Nxd4 Nf6 5.Nc3 a6 6.Be3 e6 7.f3 b5 8.g4 Bb7
9.Qd2 Nfd7 10.Qf2 b4 11.Nce2 Nc5 12.O-O-O Nbd7 13.Kb1 Qc7 14.Nc1 d5 15.exd5 Bxd5
16.Bg2 Nb6 17.Ncb3 Nca4 18.f4 Bxg2 19.Qxg2 Rc8 20.Bc1 Be7 21.g5 O-O 22.h4 Rfd8
23.h5 Nd5 24.Rd3 Nxf4 25.Bxf4 Qxf4 26.g6 Bf6 27.gxf7+ Kxf7 28.h6 Kg8 29.hxg7 Bxd4
30.Rf3 Qe5 31.Rxh7 Qxg7 32.Rxg7+ Bxg7 33.Qg6  1-0

[Event "Biel op"]
[Site "Biel"]
[Date "1994.??.??"]
[Round "10"]
[White "Nevednichy, Vladislav"]
[Black "Timoshchenko, Gennadi A"]
[Result "1/2-1/2"]
[WhiteElo "2470"]
[BlackElo "2515"]

1.e4 c5 2.Nf3 d6 3.d4 cxd4 4.Nxd4 Nf6 5.Nc3 a6 6.Be3 e6 7.Be2 Be7 8.f4 Qc7
9.O-O O-O 10.g4 d5 11.e5 Ne4 12.Nxe4 dxe4 13.g5 Rd8 14.c3 Nd7 15.Qc2 Nc5
16.Rad1 b5 17.Nb3 Bb7 18.Rxd8+ Rxd8 19.Nxc5 Bxc5 20.Qc1 Qc6 21.Re1 Rd3 22.Bf1 Qd5
23.b3 Bxe3+ 24.Rxe3 Rd1 25.Qb2 Rd2 26.Qa3 g6 27.Qd6 Qxd6 28.exd6 Rxd6 29.Kf2 h6
30.h4 hxg5 31.hxg5 e5 32.fxe5 Re6 33.Rg3 Rxe5 34.Ke3 Kf8 35.a3 Ke7 36.c4 bxc4
37.Bxc4 a5 38.Rg4 f5 39.gxf6+ Kxf6 40.Rh4 Rh5 41.Rxh5 gxh5 42.Kf4 h4 43.Bf1 Ke6
44.Bg2 Bd5 45.b4  1/2-1/2

[Event "ROM-ch"]
[Site "Bucharest"]
[Date "1994.??.??"]
[Round "1"]
[White "Nevednichy, Vladislav"]
[Black "Ceteras, Marius"]
[Result "1-0"]
[WhiteElo "2470"]
[BlackElo "2330"]

1.e4 c5 2.Nf3 d6 3.d4 cxd4 4.Nxd4 Nf6 5.Nc3 a6 6.Be3 Ng4 7.Bg5 h6 8.Bh4 g5
9.Bg3 Nf6 10.e5 dxe5 11.Bxe5 Nbd7 12.Bg3 Qb6 13.Nb3 Nc5 14.Qd4 Qe6+ 15.Be2 Nxb3
16.axb3 Bg7 17.Nb5 O-O 18.Nc7 Qc6 19.Nxa8 Ng4 20.Qb6 Qxc2 21.Rd1 Bxb2 22.h4 Bf5
23.Nc7 e5 24.hxg5 Bc3+ 25.Kf1 Bd4 26.Rxd4 exd4 27.Qxd4 Rc8 28.Bxg4 Bxg4 29.f3 Bf5
30.Rxh6 Qb1+ 31.Kf2 Bh7 32.Bf4 Qxb3 33.g6 fxg6 34.Rxh7  1-0

[Event "ROM-ch"]
[Site "Bucharest"]
[Date "1994.??.??"]
[Round "4"]
[White "Nevednichy, Vladislav"]
[Black "Badea, Bela"]
[Result "1/2-1/2"]
[WhiteElo "2470"]
[BlackElo "2435"]

1.e4 c5 2.Nf3 d6 3.d4 cxd4 4.Nxd4 Nf6 5.Nc3 a6 6.Be3 e6 7.f3 b5 8.Qd2 Nbd7
9.g4 Nb6 10.Qf2 Nfd7 11.O-O-O Bb7 12.Bd3 Rc8 13.Nce2 Be7 14.h4 Na4 15.Kb1 O-O
16.g5 d5 17.exd5 Bxd5 18.Nf4 Ndc5 19.Nb3 Nxd3 20.Rxd3 Qd7 21.Rhd1 Rfd8 22.h5 Qb7
23.Nxd5 Rxd5 24.Rxd5 exd5 25.f4 Bd6 26.Bd4 Qc7 27.f5 Nc5 28.Nxc5 Bxc5 29.h6 Bxd4
30.Rxd4 Qe5 31.hxg7 Kxg7 32.b3 Re8 33.Kb2 f6 34.gxf6+ Kxf6 35.Qh4+ Kg7 36.Qg4+ Kh8
37.a3 Rf8  1/2-1/2

[Event "ROM-ch"]
[Site "Bucharest"]
[Date "1994.??.??"]
[Round "6"]
[White "Nevednichy, Vladislav"]
[Black "Ardeleanu, Alin"]
[Result "1-0"]
[WhiteElo "2470"]
[BlackElo "2370"]

1.e4 c5 2.Nf3 d6 3.d4 cxd4 4.Nxd4 Nf6 5.Nc3 a6 6.Be3 e5 7.Nb3 Be6 8.f4 Ng4
9.Bd2 Qb6 10.Qf3 exf4 11.Qxf4 Nc6 12.Nd5 Bxd5 13.exd5 Nce5 14.Be2 h5 15.Qa4+ Ke7
16.Bxg4 hxg4 17.O-O-O g6 18.Rde1 Rh5 19.Qxg4 Bg7 20.Qe4 Rc8 21.h3 Kd7 22.Rhf1 f5
23.Qa4+ Qb5 24.Qxb5+ axb5 25.Kb1 Rh4 26.c3 Re8 27.Bg5 Rhh8 28.Kc2 b4 29.cxb4 Nc4
30.Na5 Nxb2 31.Nxb7 Nc4 32.Kb3 Nb6 33.Re6 Rxe6 34.dxe6+ Kxe6 35.a4 Rb8 36.Re1+ Be5
37.Nd8+ Kd7 38.Nf7 Ke6 39.Nxe5 dxe5 40.Bf4 Nd7 41.Be3 g5 42.a5 f4 43.Bg1 Kd5
44.Rd1+ Kc6 45.Rc1+ Kb5 46.Rc7 Rd8 47.Bc5 Nxc5+ 48.Rxc5+ Ka6 49.Rxe5 Rd3+
50.Kc4 Rg3 51.Re6+ Ka7 52.Re7+ Ka6 53.b5+ Kxa5 54.Re6  1-0

[Event "Ciocaltea mem"]
[Site "Bucharest"]
[Date "1994.??.??"]
[Round "6"]
[White "Nevednichy, Vladislav"]
[Black "Itkis, Boris"]
[Result "1-0"]
[WhiteElo "2480"]
[BlackElo "2475"]

1.e4 c5 2.Nf3 d6 3.d4 cxd4 4.Nxd4 Nf6 5.Nc3 a6 6.Be3 e6 7.Be2 Qc7 8.g4 b5
9.g5 Nfd7 10.a3 Nb6 11.Qd2 N8d7 12.O-O-O Nc4 13.Bxc4 Qxc4 14.f4 Rb8 15.Kb1 b4
16.axb4 Qxb4 17.Nb3 Be7 18.Qd4 Qxd4 19.Bxd4 O-O 20.Na5 Bb7 21.Ba7 Ra8 22.Nxb7 Rxa7
23.Nxd6 Rb8 24.e5 Rc7 25.Nce4 Nb6 26.Rhf1 Nc4 27.Nxc4 Rxc4 28.Nd6 Rcb4 29.b3 a5
30.Kb2 a4 31.Rf3 axb3 32.Rxb3 Rxb3+ 33.cxb3 f6 34.gxf6 gxf6 35.Kc3 Ra8 36.b4 Ra3+
37.Kc4 Rf3 38.Rd4 Kf8 39.b5 Bd8 40.Kc5 Rf2 41.h3 Rf3 42.Ne4 Be7+ 43.Kc6 fxe5
44.fxe5 Rf1 45.Nd6  1-0

[Event "Budapest FS02 GM"]
[Site "Budapest"]
[Date "1994.??.??"]
[Round "1"]
[White "Kalesis, Nikolaos"]
[Black "Loginov, Valery A"]
[Result "0-1"]
[WhiteElo "2415"]
[BlackElo "2540"]

1.e4 c5 2.Nf3 d6 3.d4 cxd4 4.Nxd4 Nf6 5.Nc3 a6 6.Be3 e5 7.Nf3 Qc7 8.a4 b6
9.Be2 Be7 10.Qd3 O-O 11.Nd2 Be6 12.O-O Nc6 13.Nf3 Nb4 14.Qd2 d5 15.Nxd5 Nbxd5
16.exd5 Nxd5 17.Bg5 f6 18.c4 Nb4 19.Be3 Rfd8 20.Qc3 a5 21.Rfd1 Qc6 22.Ne1 Rac8
23.Bf3 Qc7 24.Rxd8+ Rxd8 25.Rd1 Rxd1 26.Bxd1 Bc5 27.b3 Bxe3 28.Qxe3 Qd6 29.Be2 h6
30.h3 Bf5 31.Bg4 Bg6 32.Be2 Bb1 33.Nf3 Bc2 34.Ne1 Bg6 35.Nf3 Nc2 36.Qc3 Qb4
37.Qb2 Be4 38.Kh2 Qd6 39.Qc3 Nd4 40.Bd1 Bxf3 41.gxf3 Ne6 42.Be2 Nf4  0-1

[Event "Budapest FS06 GM"]
[Site "Budapest"]
[Date "1994.??.??"]
[Round "1"]
[White "Fogarasi, Tibor"]
[Black "Loginov, Valery A"]
[Result "1/2-1/2"]
[WhiteElo "2415"]
[BlackElo "2540"]

1.e4 c5 2.Nf3 d6 3.d4 cxd4 4.Nxd4 Nf6 5.Nc3 a6 6.Be3 e5 7.Nb3 Be6 8.f4 exf4
9.Bxf4 Nc6 10.Qe2 Be7 11.h3 Nd7 12.O-O-O Nde5 13.Kb1 O-O 14.Nd5 Rc8 15.Qd2 Bf6
16.g4 Bxd5 17.exd5 Nf3 18.Qf2 Nce5 19.Be2 Nh4 20.Bg3 Nc4 21.Bxc4 Rxc4 22.c3 Ng6
23.Nd2 Ra4 24.Rhe1 Qa5 25.Nb3 Qc7 26.Nd4 Be5 27.Nf5 f6 28.Nd4 Qa5 29.Nb3 Qb5
30.Qg2 Nf4 31.Bxf4 Rxf4 32.Re4 Rxe4 33.Qxe4 g6 34.Nd4 Qc4 35.Qf3 Bxd4 36.Rxd4 Qb5
37.Qe3 Qf1+ 38.Kc2 Qg2+ 39.Rd2 Qh1 40.Rd1 Qh2+ 41.Rd2 Qe5 42.Qf3 Re8 43.Rf2 b5
44.Qxf6 Qe4+ 45.Kc1 Qxd5 46.b3 a5 47.Kb2 b4 48.cxb4 axb4 49.a3 bxa3+ 50.Kxa3 Rb8
51.Qc3 Ra8+ 52.Kb2 Qd1 53.Rd2 Qa1+ 54.Kc2 Ra2+ 55.Kd3 Qf1+ 56.Ke4 Rxd2 57.Qxd2 Qxh3
58.Qd5+ Kg7 59.g5 Qh4+ 60.Kd3 Qg3+ 61.Kc4 h5 62.Qb7+ Kf8 63.Qc8+ Ke7 64.Qb7+ Ke6
65.Qd5+ Ke7 66.Qb7+ Ke6 67.Qd5+ Ke7  1/2-1/2

[Event "Budapest FS10 GM"]
[Site "Budapest"]
[Date "1994.??.??"]
[Round "2"]
[White "Horvath, Csaba"]
[Black "Nguyen Anh Dung"]
[Result "1-0"]
[WhiteElo "2540"]
[BlackElo "2340"]

1.e4 c5 2.Nf3 d6 3.d4 cxd4 4.Nxd4 Nf6 5.Nc3 a6 6.Be3 e6 7.g4 Nc6 8.g5 Nd7
9.h4 Be7 10.Qe2 Nxd4 11.Bxd4 O-O 12.O-O-O b5 13.a3 Rb8 14.f4 b4 15.axb4 Rxb4
16.Kb1 Qc7 17.Rh3 Nc5 18.f5 Qb7 19.Na2 Rxd4 20.Rxd4 exf5 21.exf5 Bxf5 22.Bg2 Qd7
23.Re3 Ne6 24.Rd5 g6 25.Nb4 Rb8 26.Nc6 Qxc6 27.Rxf5 Qb6 28.Rb3 Qd8 29.Rxb8 Qxb8
30.Ra5 Qb4 31.Rxa6 Qxh4 32.Bd5 Qxg5 33.Bxe6 fxe6 34.Qxe6+ Kg7 35.Ka2 Qf6
36.Qxf6+ Kxf6 37.b4 Ke6 38.b5 Bd8 39.b6 Bxb6 40.Rxb6 h5 41.c4  1-0

[Event "Budapest Honved"]
[Site "Budapest"]
[Date "1994.??.??"]
[Round "2"]
[White "Horvath, Csaba"]
[Black "Beck, Hartmuth"]
[Result "1-0"]
[WhiteElo "2540"]
[BlackElo "2285"]

1.e4 c5 2.Nf3 d6 3.d4 cxd4 4.Nxd4 Nf6 5.Nc3 a6 6.Be3 e6 7.g4 Be7 8.g5 Nfd7
9.h4 Nc6 10.Rg1 Qc7 11.h5 Nf8 12.Qd2 Bd7 13.O-O-O Ne5 14.f4 Nc4 15.Bxc4 Qxc4
16.f5 b5 17.Kb1 g6 18.Qh2 e5 19.hxg6 fxg6 20.Nd5 exd4 21.Bxd4 Rg8 22.Bf6 Bd8
23.Qxd6 Qc6 24.Qe5+  1-0

[Event "Budapest Spring op"]
[Site "Budapest"]
[Date "1994.??.??"]
[Round "2"]
[White "Sziebert, Adam"]
[Black "Vasilchenko, Oleg"]
[Result "1/2-1/2"]
[WhiteElo "2260"]
[BlackElo "2415"]

1.e4 c5 2.Nf3 d6 3.d4 cxd4 4.Nxd4 Nf6 5.Nc3 a6 6.Be3 e5 7.Nb3 Be6 8.f4 exf4
9.Bxf4 Nc6 10.Nd4 Nxd4 11.Qxd4 Qa5 12.Bc4 Bxc4 13.Qxc4 Be7 14.O-O-O O-O 15.Nd5 Nxd5
16.Rxd5 b5 17.Qb3 Rac8 18.Bxd6 Bxd6 19.Rxd6 Rc4 20.e5 Ra4 21.a3 Qc7 22.Rhd1 Rc4
23.Qd3 h6 24.Re1 a5 25.Re4 Re8 26.c3 Rxe4 27.Qxe4 Qc5 28.Rd5 Qg1+ 29.Kc2 b4
30.axb4 axb4 31.cxb4 g6 32.h4 h5 33.Rd7 Qb6 34.Qd5 Re6 35.Rd6 Qf2+ 36.Kb3 Qe3+
37.Qd3 Qxe5 38.Rxe6 Qxe6+ 39.Qc4 Qe3+ 40.Qc3 Qe6+ 41.Qc4 Qe3+ 42.Ka4 Qa7+
43.Kb5 Qb7+ 44.Ka5 Qa8+ 45.Kb6 Qxg2 46.Qd4 g5 47.b5 g4 48.Ka7 g3 49.b6 Qf2
50.Qxf2 gxf2 51.b7 f1=Q 52.b8=Q+ Kh7 53.Qb4 Qe2 54.Qd4 f5 55.b4 Qg4 56.Qd7+ Qg7
57.Qxg7+ Kxg7 58.b5 f4 59.b6 f3 60.b7 f2 61.b8=Q f1=Q 62.Qe5+  1/2-1/2

[Event "Budapest FS02 GM"]
[Site "Budapest"]
[Date "1994.??.??"]
[Round "3"]
[White "Kalesis, Nikolaos"]
[Black "Lingnau, Carsten"]
[Result "1-0"]
[WhiteElo "2415"]
[BlackElo "2395"]

1.e4 c5 2.Nf3 d6 3.d4 cxd4 4.Nxd4 Nf6 5.Nc3 a6 6.Be3 e6 7.f3 Be7 8.Qd2 O-O
9.g4 Nc6 10.O-O-O Nd7 11.h4 Nde5 12.Qg2 Qc7 13.g5 b5 14.Kb1 Bb7 15.h5 Nxd4
16.Bxd4 f5 17.gxf6 Bxf6 18.Rh3 b4 19.Ne2 Nc4 20.Rg3 e5 21.Bg1 Rad8 22.Nc1 d5
23.Qe2 Nb6 24.Nd3 dxe4 25.fxe4 Na4 26.Bh3 a5 27.Be6+ Kh8 28.Bb3 Bc6 29.Rf1 Bh4
30.Rgf3 Rxf3 31.Qxf3 Be7 32.Bh2 Qc8 33.Nxe5 Rf8 34.Nf7+  1-0

[Event "Elekes mem"]
[Site "Budapest"]
[Date "1994.??.??"]
[Round "3"]
[White "Tolnai, Tibor"]
[Black "Hoelzl, Franz"]
[Result "1-0"]
[WhiteElo "2540"]
[BlackElo "2390"]

1.e4 c5 2.Nc3 d6 3.Nge2 Nf6 4.d4 cxd4 5.Nxd4 a6 6.Be3 e6 7.g4 d5 8.exd5 Nxd5
9.Nxd5 Qxd5 10.Rg1 Bd6 11.Bg2 Qa5+ 12.c3 O-O 13.h4 Rd8 14.Qc2 e5 15.Nb3 Qc7
16.Be4 g6 17.O-O-O a5 18.h5 a4 19.Nc5 Bxc5 20.Rxd8+ Qxd8 21.Bxc5 Be6 22.hxg6 hxg6
23.g5 Qc7 24.Ba3 Kg7 25.f3 Nd7 26.Rh1 Rh8 27.Rxh8 Kxh8 28.Qxa4 Qd8 29.b3 Qxg5+
30.Kb1 Kg7 31.Bc1 Qg3 32.Qb4 Nf6 33.a4 Bd5 34.Bb2 Qe1+ 35.Ka2 Bxe4 36.fxe4 Qxe4
37.c4 Ng4 38.Qe7 b6 39.Qc7 Qe3 40.c5 bxc5 41.a5 Qe2 42.Qxc5 f6 43.Qc4 Qg2
44.a6 Ne3 45.Qc7+ Kh6 46.a7 Nd5 47.Qc5 Kh5 48.Ka3 Nf4 49.Qb5 Kg5 50.Bc1 Kg4
51.Bxf4 exf4 52.Qe8 Qc2 53.a8=Q Qc1+ 54.Ka4 Qa1+ 55.Kb5 Qf1+ 56.Kb6 Qf2+
57.Kc7 g5 58.Qe6+ f5 59.Qad5 Qc2+ 60.Qc4 Qf2 61.Qce2+ Qxe2 62.Qxe2+ f3 63.Qe3  1-0

[Event "Elekes mem"]
[Site "Budapest"]
[Date "1994.??.??"]
[Round "3"]
[White "Horvath, Jozsef"]
[Black "Danner, Georg"]
[Result "1/2-1/2"]
[WhiteElo "2515"]
[BlackElo "2440"]

1.e4 c5 2.Nf3 d6 3.d4 cxd4 4.Nxd4 Nf6 5.Nc3 a6 6.Be3 e5 7.Nf3 Qc7 8.a4 Be7
9.a5 O-O 10.Be2 Nc6 11.Bb6 Qd7 12.Nd2 d5 13.exd5 Nxd5 14.Nxd5 Qxd5 15.O-O Bf5
16.c3 Bd8 17.Nc4 Qe6 18.Bc5 Be7 19.Bxe7 Qxe7 20.Qd6 Rfe8 21.Qxe7 Rxe7 22.Rfd1 Be6
23.Nb6 Rae8 24.Rd6 Rc7 25.Bf3 Ne7 26.Rad1 Ng6 27.Be4 f5 28.Bb1 Nf8 29.c4 e4
30.b4 Kf7 31.Bc2 Ng6 32.c5 Ne5 33.Ba4 Ree7 34.R1d4 g5 35.Kf1 h5 36.Ke2 h4
37.h3 Nd3 38.f3 Nf4+ 39.Kf2 e3+ 40.Kxe3 Nxg2+ 41.Kf2 Nf4 42.Rxf4 gxf4 43.Rd4 Kf6
44.Rxf4 Ke5 45.Ke3 Rg7 46.Rxh4 Rh7 47.f4+ Kf6 48.Rxh7 Rxh7 49.c6 Rxh3+ 50.Kd4 bxc6
51.Bxc6 Ke7 52.b5 axb5 53.a6 Ra3 54.Bxb5 Kd6 55.Ba4 Bd5 56.a7 Ra1 57.Bc2 Bb7
58.Bxf5 Rxa7 59.Nc8+ Bxc8 60.Bxc8 Ra4+  1/2-1/2

[Event "Budapest Spring op"]
[Site "Budapest"]
[Date "1994.??.??"]
[Round "3"]
[White "Zemerov, Vladimir"]
[Black "Sotnikov, Igor"]
[Result "0-1"]
[WhiteElo "2415"]
[BlackElo "2340"]

1.e4 c5 2.Nf3 d6 3.Nc3 Nf6 4.d4 cxd4 5.Nxd4 a6 6.Be3 Ng4 7.Bg5 h6 8.Bh4 g5
9.Bg3 Bg7 10.Be2 h5 11.h4 gxh4 12.Bxh4 Nc6 13.Nb3 Be6 14.Qd2 Qb6 15.Nd5 Bxd5
16.exd5 Nd4 17.Bd1 Nf5 18.c3 Be5 19.Bf3 O-O-O 20.Bxg4 hxg4 21.Qg5 Nxh4 22.Rxh4 Rxh4
23.Qxh4 g3 24.Qc4+ Kb8 25.f3 Qf2+ 26.Kd1 Qxb2  0-1

[Event "Budapest Spring op"]
[Site "Budapest"]
[Date "1994.??.??"]
[Round "4"]
[White "Fogarasi, Tibor"]
[Black "Vasilchenko, Oleg"]
[Result "1/2-1/2"]
[WhiteElo "2415"]
[BlackElo "2415"]

1.e4 c5 2.Nf3 d6 3.d4 cxd4 4.Nxd4 Nf6 5.Nc3 a6 6.Be3 Ng4 7.Bg5 h6 8.Bh4 g5
9.Bg3 Bg7 10.Qd2 Nc6 11.Nb3 f5 12.exf5 Bxf5 13.Bd3 Qd7 14.O-O O-O 15.Rad1 Nge5
16.Be2 Qe8 17.Nd5 Rc8 18.c4 Kh7 19.f4 gxf4 20.Rxf4 Ng6 21.Rf2 Nce5 22.Rdf1 Bg4
23.Rxf8 Bxf8 24.Bxg4 Nxg4 25.Qe2 N4e5 26.c5 Qc6 27.Qe4 Bg7 28.cxd6 Qxd6 29.Ne3 Qd3
30.Qxd3 Nxd3 31.Nf5 Bf6 32.Rd1 Nge5 33.Bxe5 Nxe5 34.Nbd4 Rd8 35.Re1 Nd3 36.Ne6 Rd5
37.Re3 Nxb2 38.g4 Nc4 39.Re2 Re5 40.Rxe5 Nxe5 41.h3 Nc6 42.Kf1 b5 43.Nc7 Nb4
44.a3 Nc2 45.Nxa6 Nxa3 46.Ke2 Nc4 47.Kd3 Kg6 48.Nc7 Ne5+ 49.Kc2 b4 50.Kb3 Nc6
51.Nd5 e6 52.Nf4+ Kf7 53.Nxh6+ Kg7 54.Nh5+ Kg6 55.Nxf6 Kxf6 56.h4 Kg6  1/2-1/2

[Event "Budapest FS03 GM"]
[Site "Budapest"]
[Date "1994.??.??"]
[Round "4"]
[White "Margolin, Boris"]
[Black "Dao Thien Hai"]
[Result "1/2-1/2"]
[WhiteElo "2385"]
[BlackElo "2495"]

1.e4 c5 2.Nf3 d6 3.d4 cxd4 4.Nxd4 Nf6 5.Nc3 a6 6.Be3 e5 7.Nb3 Be6 8.f3 Be7
9.Qd2 Nc6 10.O-O-O a5 11.a4 O-O 12.g4 Nb4 13.Kb1 Rc8 14.Qf2 Nd7 15.Rd2 b6
16.Bb5 Qc7 17.Nd5 Bxd5 18.exd5 Qb7 19.Qe2 Nf6 20.Bg5 Nfxd5 21.Bxe7 Qxe7 22.Rhd1 Nc7
23.c3 Qe6 24.Nc1 Nbd5 25.Bc4 Qg6+ 26.Bd3 Qf6 27.Bf5 Nf4 28.Qe3 d5 29.Bxc8 Rxc8
30.Re1 Re8 31.Nd3 Ng6 32.Qe2 Qc6 33.h4 e4 34.h5 Nf8 35.Nf4 Nfe6 36.fxe4 dxe4
37.Rf1 Ng5 38.Qe3 h6 39.Rfd1 Nce6 40.Rd6 Qxa4 41.Nxe6 Nxe6 42.Qxb6 Qc4 43.Re1 e3
44.Qc6 Qxc6 45.Rxc6 Ng5 46.Re2 Nh3  1/2-1/2

[Event "Elekes mem"]
[Site "Budapest"]
[Date "1994.??.??"]
[Round "5"]
[White "Tolnai, Tibor"]
[Black "Danner, Georg"]
[Result "0-1"]
[WhiteElo "2540"]
[BlackElo "2440"]

1.e4 c5 2.Nf3 d6 3.d4 cxd4 4.Nxd4 Nf6 5.Nc3 a6 6.Be3 e5 7.Nb3 Be6 8.Qd2 Nbd7
9.f3 Rc8 10.O-O-O b5 11.Kb1 Nb6 12.Qf2 Nfd7 13.Nd5 Bxd5 14.exd5 Nc4 15.g4 Be7
16.Bd3 Bh4 17.Qe2 O-O 18.Bc1 Ndb6 19.Nd2 Nxd2+ 20.Bxd2 Nc4 21.Bc1 Bg5 22.h4 Bxc1
23.Rxc1 Qf6 24.c3 Qf4 25.Rcd1 Rc7 26.h5 Rfc8 27.Be4 a5 28.Qd3 h6 29.Bf5 Rb8
30.b3 a4 31.b4 Ne3 32.Bh7+ Kh8 33.Rc1 Rbc8 34.Be4 Nc4 35.Ka1 Kg8 36.Qe2 Nd2
37.Qxb5 Nxe4 38.fxe4 Rxc3 39.Rxc3 Rxc3 40.Rb1 Rc2 41.Qxa4 Qxe4 42.Rd1 Qe2
43.Rh1 Qc4 44.Kb1 Rd2 45.Qa3  0-1

[Event "Budapest FS05 IM"]
[Site "Budapest"]
[Date "1994.??.??"]
[Round "6"]
[White "Steiner, Bruno"]
[Black "Isupov, Vladimir"]
[Result "0-1"]
[WhiteElo "2200"]
[BlackElo "2300"]

1.e4 c5 2.Nf3 d6 3.d4 cxd4 4.Nxd4 Nf6 5.Nc3 a6 6.Be3 e5 7.Nb3 Be6 8.Qd2 Nbd7
9.f3 Be7 10.g4 h6 11.O-O-O b5 12.h4 Nb6 13.Na5 Qc7 14.Qf2 Na4 15.Nxa4 Qxa5
16.Nc3 Rb8 17.Bd3 b4 18.Nb1 Qxa2 19.g5 Nh5 20.f4 exf4 21.Bxf4 Nxf4 22.Qxf4 Qa5
23.Rhg1 hxg5 24.hxg5 Rh5 25.e5 Qxe5 26.Qxe5 dxe5 27.g6 f5 28.Bxa6 Bg5+ 29.Nd2 Rd8
30.Be2 Bxd2+ 31.Rxd2 Rxd2 32.Kxd2 Rh2 33.Kd1 Ke7 34.c4 Kd6 35.b3 e4 36.Kd2 f4
37.Rd1 Ke5 38.Ke1 f3 39.Bf1 Rb2 40.Rd8 e3  0-1